| 000 | 00335nam a22001457a 4500 | ||
|---|---|---|---|
| 020 | _qHB. | ||
| 040 | _cFIZZA ISHAQ | ||
| 082 |
_a624.183 _bEDW |
||
| 100 |
_aNOWY,G.EDWARD. _990469 |
||
| 245 |
_aPRE STRESSED CONCRETE / _cEDWARD G.NOWY. |
||
| 250 | _a2nd ED. | ||
| 260 |
_aNEW YORK ; _c1996. |
||
| 300 | _a789 P. ; | ||
| 942 |
_2ddc _cBK |
||
| 999 |
_c588677 _d588677 |
||